| 000 | 00472nam a22001697a 4500 | ||
|---|---|---|---|
| 003 | BD-DhUL | ||
| 005 | 20171115101930.0 | ||
| 008 | 171115s1336 xx ||||| |||| 00| 0 per d | ||
| 040 |
_aBD-DhUL _cBD-DhUL |
||
| 082 |
_a891.551 _bMAD |
||
| 100 | 0 | _aمنصور شیرازی | |
| 245 | 0 |
_aدیوان منصور شیرازی / _cمنصور شیرازی |
|
| 260 |
_a: _b، _c۱۳۳۶۔ |
||
| 300 |
_aص۔ ۳۳۴ ؛ _c۲۱ سم۔ |
||
| 650 | 0 | _aPersian poetry | |
| 942 |
_2ddc _cBK |
||
| 999 |
_c232074 _d232074 |
||